00792nem a2200205 u 450000500170000000800410001704000250005804100080008304400070009111000820009824501470018025500120032726000980033930000360043765000180047365000150049165000160050671000180052271000460054020200104041742.0160503b2005 C ||||| |b|| 00| 0 spa d aCO-BoIAVHcCO-BoIAVH aspa ack2 aInstituto de Investigación de Recursos Biológicos Alexander von Humboldt.1 aMapa de geología regional de la cuenca Cane- IguaquecUnidad de sistemas de información Geográfica UNISIG- IAvHh[Material Cartografico] a1:00000 aBogotábInstituto de Investigación de Recursos Biológicos Alexander von Humboldt.c2005 a16 mapas ;b color c44 x 30 cm04aHidrografía04aCarreteras04aGeografía1 aCorpoboyacá1 aParques nacionales naturales de Colombia